Faculty of Law Library — Cairo University

Official Online Catalog

تقرير عن أعمال اللجنة الاستشارية للأمم المتحدة لمكافحة الجريمة ومعاملة الجائحين : (Record no. 74526)

MARC details
000 -LEADER
fixed length control field 01265nam a2200301 i 4500
003 - CONTROL NUMBER IDENTIFIER
control field EG-GICUC
005 - DATE AND TIME OF LATEST TRANSACTION
control field 20260430130235.0
008 - FIXED-LENGTH DATA ELEMENTS--GENERAL INFORMATION
fixed length control field 260430s1968 ua ||||fr|||| 00| 0 ara d
040 ## - CATALOGING SOURCE
Original cataloging agency EG-GICUC
Transcribing agency EG-GICUC
Modifying agency EG-GICUC
Description conventions rda
Language of cataloging ara
041 ## - LANGUAGE CODE
Language code of text/sound track or separate title ara
Language code of original ara
082 04 - DEWEY DECIMAL CLASSIFICATION NUMBER
Edition number 21
Classification number 343.67
Item number ع ا . ت
092 04 - LOCALLY ASSIGNED DEWEY CALL NUMBER (OCLC)
Edition number 21
099 ## - LOCAL FREE-TEXT CALL NUMBER (OCLC)
Classification number Law1 10 343.67 ع ا . ت 1968
100 0# - MAIN ENTRY--PERSONAL NAME
Personal name عادل يونس
Relator term مؤلف.
245 10 - TITLE STATEMENT
Title تقرير عن أعمال اللجنة الاستشارية للأمم المتحدة لمكافحة الجريمة ومعاملة الجائحين :
Remainder of title التى عقدت بمدينة جنيففى المدة من 6 الى 16 من اغسطس سنة 1968 /
Statement of responsibility, etc. مقدم من عادل يونس.
264 ## - PRODUCTION, PUBLICATION, DISTRIBUTION, MANUFACTURE, AND COPYRIGHT NOTICE
Place of production, publication, distribution, manufacture لا يوجد مكان نشر محدد :
Name of producer, publisher, distributor, manufacturer لا يوجد ناشر محدد،
Date of production, publication, distribution, manufacture, or copyright notice 1968.
300 ## - PHYSICAL DESCRIPTION
Extent 88 صفحة ;
Dimensions 27 سم.
336 ## - CONTENT TYPE
Source rda content
Content type term text
337 ## - MEDIA TYPE
Source rda media
Media type term Computer
338 ## - CARRIER TYPE
Source rda carrier
Carrier type term Online Resource
546 ## - LANGUAGE NOTE
Language note النص باللغة العربية
650 1# - SUBJECT ADDED ENTRY--TOPICAL TERM
Topical term or geographic name entry element القانون الجنائي
650 1# - SUBJECT ADDED ENTRY--TOPICAL TERM
Topical term or geographic name entry element الوقاية من الإجرام
650 1# - SUBJECT ADDED ENTRY--TOPICAL TERM
Topical term or geographic name entry element مكافحة الجريمة
856 40 - ELECTRONIC LOCATION AND ACCESS
Uniform Resource Identifier <a href="https://fll.law.cu.edu.eg/fulltext/conf/B10-12016.pdf">https://fll.law.cu.edu.eg/fulltext/conf/B10-12016.pdf</a>
905 ## - Cataloger and Reviser Names
Cataloger Name: Gomana
942 ## - ADDED ENTRY ELEMENTS (KOHA)
Source of classification or shelving scheme Dewey Decimal Classification
Suppress in OPAC No
Koha item type Books
Edition 21
Holdings
Withdrawn status Lost status Source of classification or shelving scheme Damaged status Not for loan Collection Home library Current library Date acquired Total checkouts Full call number Barcode Date last seen Copy number Price effective from Koha item type
    Dewey Decimal Classification   Not for loan القانون الجنائي جــــامعة القــاهرة مكتبة كلية الحقوق - المبنى الرئيسي 30.04.2026   Law1 10 343.67 ع ا . ت 1968 1012016 C1 B10-12016 30.04.2026 1 30.04.2026 Books

© All rights reserved — Faculty of Law, Cairo University